Lieder für eine Singstimme mit Pianoforte Bd. 3

Hlavní autor: Lassen, Eduard, 1830-1904
Jazyk: Němčina
Vydáno: Breslau : Hainauer, [1891?]
Fyzický popis: 58 s.
Hudebniny Hudebniny
Uloženo v:
LEADER 00662ncm a22002052a 4500
001 001132668
003 CZ BrMZK
005 20110120170934.0
007 qu
008 031201s1891 pl f ger d
040 |a BOA001  |b cze 
072 7 |a 784  |x Vokální hudba  |2 Konspekt  |9 9 
100 1 |a Lassen, Eduard,  |d 1830-1904  |7 xx0058098  |4 cmp 
245 1 0 |a Lieder für eine Singstimme mit Pianoforte  |n Bd. 3  |h [hudebnina] /  |c Eduard Lassen 
260 |a Breslau :  |b Hainauer,  |c [1891?] 
300 |a 58 s. 
910 |a BOA001  |b Mus3-0537.947,3 
990 |a MU 
991 |b 201012 
996 6 |b 2619452838  |c Mus3-0537.947,3  |l MZK  |r Sklad / do 1 hodiny  |n 0  |w 001162119  |u 000010  |a 1  |e BOA001  |j MZK50  |s P